Francisco Toledo : obra gráfica para Arvil, 1974-2001 /
Francisco Toledo (Juchitán, Oaxaca, 1940), artista y promotor cultural. Cursó estudios en su estado natal, la ciudad de México y París y presentó su primera exposición a los 19 años de edad. Uno de los autores clave de la renovación de las artes plásticas mexicanas desarrollada tras el auge del mura...
Guardado en:
| Hovedforfatter: | |
|---|---|
| Institution som forfatter: | |
| Andre forfattere: | , , , , , |
| Format: | Bog |
| Sprog: | spansk |
| Udgivet: |
México :
Galería Arvil : CONACULTA,
2001, c2001
|
| Fag: | |
| Tags: |
Ingen Tags, Vær først til at tagge denne postø!
|
MARC
| LEADER | 00000nam^a2200000^a^4500 | ||
|---|---|---|---|
| 001 | 000167881 | ||
| 005 | 20250521000000.0 | ||
| 009 | 20260310101141.166 | ||
| 020 | |a 970-18-6939-7 | ||
| 037 | |a Acervo ITESO - Biblioteca | ||
| 041 | |a ESP | ||
| 082 | |a 759. 972063 |b TOL ACU | ||
| 100 | |a Toledo, Francisco |e (autor) | ||
| 245 | 1 | 0 | |a Francisco Toledo : |b obra gráfica para Arvil, 1974-2001 / |c F. Toledo ; dir. de V. Acuña, A. Colina, J. de la Rosa ; texto de L.C. Emerich ; fotografía de A. Caparroso ... [et al.] ; introd. de C. Monsiváis ; Galería Arvil. |
| 264 | 4 | |a México : |b Galería Arvil : |b CONACULTA, |c 2001, c2001 | |
| 300 | |a 167 p. | ||
| 336 | |a texto |b txt |2 rdacontenido | ||
| 337 | |a sin mediación |b n |2 rdamedio | ||
| 338 | |a volumen |b nc |2 rdasoporte | ||
| 520 | |a Francisco Toledo (Juchitán, Oaxaca, 1940), artista y promotor cultural. Cursó estudios en su estado natal, la ciudad de México y París y presentó su primera exposición a los 19 años de edad. Uno de los autores clave de la renovación de las artes plásticas mexicanas desarrollada tras el auge del muralismo, el artista oaxaqueño también figura en forma central en la defensa y promoción del patrimonio artístico-histórico de México. Su amplia obra se extiende por los terrenos de la pintura, la fotografía, el diseño de tapices en colaboración con artesanos de Teotitlán del Valle, la cerámica, la escultura y la concepción, más que la mera ilustración, de libros de arte en los que sus creaciones dialogan con la escritura de Jorge Luis Borges o José Emilio Pacheco, entre otros autores. Albergan piezas suyas museos en Oaxaca, México, París, Nueva York, Filadelfia, Londres y Oslo, entre otros recintos. Designado en 1993 como creador emérito del Sistema Nacional de Creadores, fue reconocido en 1998 con el Premio Nacional de Ciencias y Artes. | ||
| 649 | |a XX | ||
| 650 | |a Grabadores Mexicanos | ||
| 650 | |a Pintores Mexicanos | ||
| 650 | |a Artistas Mexicanos | ||
| 650 | |a Libros de Artista | ||
| 650 | |a Ilustración de Libros y Manuscritos - |z México | ||
| 650 | |a Diseño Editorial - |z México - |x Historia y Crítica | ||
| 650 | |a Diseño Gráfico - |z México - |x Historia y Crítica | ||
| 650 | |a Diseño Mexicano - |x Historia y Crítica | ||
| 650 | |a Grabado - |z México - |x Historia y Crítica | ||
| 650 | |a Pintura Moderna - |z México - |x Historia y Crítica | ||
| 650 | |a Pintura Moderna - |x Historia y Crítica | ||
| 650 | |a Pintura Mexicana - |x Historia y Crítica | ||
| 650 | |a Arte Moderno - |z México - |x Historia y Crítica | ||
| 650 | |a Arte Moderno - |x Historia y Crítica | ||
| 650 | |a Arte Mexicano - |x Historia y Crítica | ||
| 650 | |a Comunicación Visual - |z México | ||
| 650 | |a Museos y Galerías - |z México (Ciudad) | ||
| 650 | |a Toledo, Francisco - |x Tema Principal | ||
| 710 | |a Galería Arvil | ||
| 700 | |a Acuña, Víctor |e (dirección) | ||
| 700 | |a Colina, Armando |e (dirección) | ||
| 700 | |a Rosa, Javier de la |e (dirección) | ||
| 700 | |a Emerich, Luis Carlos |e (texto) | ||
| 700 | |a Caparroso, Angela |e (fotógrafo) | ||
| 700 | |a Monsiváis, Carlos |e (introducción) | ||
| 910 | |a Fondo General | ||
| 920 | |a Impresos - Libros | ||
| 930 | |a Reserva Especial | ||
| 905 | |a 103 | ||
| 901 | |a 0500103857 |b IT1 |c REE |u 20250521 | ||
| 902 | |a https://opac.biblio.iteso.mx/vufind/Record/000167881 | ||